Textbook of Biochemistry for Medical Students (Record no. 246398)

MARC details
000 -LEADER
fixed length control field 00503nam a2200181Ia 4500
008 - FIXED-LENGTH DATA ELEMENTS--GENERAL INFORMATION
fixed length control field 240913s9999||||xx |||||||||||||| ||und||
082 ## - DEWEY DECIMAL CLASSIFICATION NUMBER
-- 612.015 Q1
100 ## - MAIN ENTRY--PERSONAL NAME
Personal name Vasudevan DM
245 #0 - TITLE STATEMENT
Title Textbook of Biochemistry for Medical Students
250 ## - EDITION STATEMENT
Edition statement 6th
260 ## - PUBLICATION, DISTRIBUTION, ETC. (IMPRINT)
Date of publication, distribution, etc 2011
Name of publisher, distributor, etc Jaypee Brothers Medical Publishers (P
500 ## - GENERAL NOTE
General note REFERENCE
650 ## - SUBJECT ADDED ENTRY--TOPICAL TERM
Topical term or geographic name as entry element Human Genetics and Molecular Biology
942 ## - ADDED ENTRY ELEMENTS (KOHA)
Item type Reference
Holdings
Withdrawn status Lost status Damaged status Permanent location Current location Shelving location Date acquired Source of acquisition Full call number Barcode Date last seen Koha item type
      CENTRAL LIBRARY, NOORUL ISLAM CENTRE FOR HIGHER EDUCATION CENTRAL LIBRARY, NOORUL ISLAM CENTRE FOR HIGHER EDUCATION   02/05/2018 Edumart, Trivandrum 612.015 Q1 77191 09/13/2024 Reference
Visitors:
Copyright © 2024 Central Library NICHE.  All rights reserved.